| 000 | 00591cam a2200181Ma 4500 | ||
|---|---|---|---|
| 020 | _a9789251068786 (pbk.) | ||
| 020 | _a925106878X (pbk.) | ||
| 040 | _cUKMGB | ||
| 082 | _a338 FOO 2011 A016 Or. | ||
| 100 | 1 | _aKjohl, Mariken. | |
| 245 | 1 | 0 | _aPotential effects of climate change on crop pollination / |
| 260 |
_aRome : _bFood and Agriculture Organization of the United Nations, _c2011. |
||
| 300 |
_avii, 38 p. : _bcol. ill. ; _c25 cm. |
||
| 700 | 1 | _aNielsen, Anders. | |
| 700 | 1 | _aStenseth, Nils Chr. | |
| 710 | 2 | _aFood and Agriculture Organization of the United Nations. | |
| 942 | _cEK | ||
| 999 |
_c11414 _d11414 |
||